| 000 | 005950000a22001930004500 | ||
|---|---|---|---|
| 090 |
_aAR _b01971 |
||
| 245 | 1 | 0 | _aNew species of tiger beetle from India (<Coleoptera: Cicindelidae>) |
| 650 | 1 | 4 |
_aTaxonomía animal _98245 |
| 650 | 1 | 4 |
_aColeópteros _97857 |
| 650 | 1 | 4 |
_aEntomología _94483 |
| 650 | 1 | 4 |
_aMorfología _992917 |
| 651 | 4 |
_lBalasore _mOrissa _pIndia _992749 |
|
| 653 |
_fCicindelidae _gCicindela |
||
| 041 | 0 | _aInglés | |
| 700 | 1 |
_aCassola, Fabio _99428 |
|
| 100 | 1 |
_aAcciavatti, Robert E. _995424 |
|
| 942 | _cARTICULO | ||
| 773 | 1 |
_tAnnals of Carnegie Museum _3376 _h3 _q71-76 _d1989 _g58 |
|
| 999 |
_c11048 _d11048 |
||